|
|
|
|
| LEADER |
02509cam a2200673 a 4500 |
| 001 |
nkc20071761189 |
| 003 |
CZ PrNK |
| 005 |
20080130170212.0 |
| 007 |
ta |
| 008 |
071018s2007 xr a c f 001 0 cze d |
| 015 |
|
|
|a cnb001761189
|
| 020 |
|
|
|a 978-80-7352-719-8
|q (váz.)
|
| 035 |
|
|
|a (OCoLC)228499313
|
| 040 |
|
|
|a KLG001
|b cze
|d BOA001
|d ABA001
|
| 041 |
1 |
|
|a cze
|h eng
|
| 072 |
|
7 |
|a 74
|x Kresba. Umělecká řemesla
|2 Konspekt
|9 21
|
| 072 |
|
7 |
|a 0/9-053.2
|x Literatura pro děti a mládež (naučná)
|2 Konspekt
|9 26
|
| 080 |
|
|
|a 741/744
|2 MRF
|
| 080 |
|
|
|a 75
|2 MRF
|
| 080 |
|
|
|a 741.02
|2 MRF
|
| 080 |
|
|
|a 75.02
|2 MRF
|
| 080 |
|
|
|a (035)
|2 MRF
|
| 080 |
|
|
|a (084.11)
|2 MRF
|
| 080 |
|
|
|a (0.053.2)
|2 MRF
|
| 100 |
1 |
|
|a Watt, Fiona,
|d 1960-
|7 ola20040302008
|4 aut
|
| 245 |
1 |
0 |
|a Co budu dnes malovat nebo kreslit /
|c Fiona Watt, Anna Milbourne a Rosie Dickens ; ilustrace Non Figg, Jan McCafferty a Antonia Miller
|
| 250 |
|
|
|a České vyd. 1.
|
| 260 |
|
|
|a Praha :
|b Svojtka & Co.,
|c 2007
|
| 300 |
|
|
|a 96 s. :
|b il. (převážně barev.) ;
|c 31 cm
|
| 490 |
1 |
|
|a Centrum dětského vzdělávání
|
| 500 |
|
|
|a Přeloženo z angličtiny
|
| 500 |
|
|
|a Obsahuje rejstřík
|
| 650 |
0 |
7 |
|a kresba
|7 ph121940
|2 czenas
|
| 650 |
0 |
7 |
|a malba
|7 ph115206
|2 czenas
|
| 650 |
0 |
7 |
|a kreslířské techniky
|7 ph135189
|2 czenas
|
| 650 |
0 |
7 |
|a malířské techniky
|7 ph115215
|2 czenas
|
| 650 |
0 |
9 |
|a drawing
|2 eczenas
|
| 650 |
0 |
9 |
|a painting
|2 eczenas
|
| 650 |
0 |
9 |
|a drawing techniques
|2 eczenas
|
| 650 |
0 |
9 |
|a painting techniques
|2 eczenas
|
| 655 |
|
7 |
|a příručky
|7 fd133209
|2 czenas
|
| 655 |
|
7 |
|a obrazové publikace
|7 fd132947
|2 czenas
|
| 655 |
|
7 |
|a publikace pro děti
|7 fd133156
|2 czenas
|
| 655 |
|
9 |
|a handbooks and manuals
|2 eczenas
|
| 655 |
|
9 |
|a pictorial works
|2 eczenas
|
| 655 |
|
9 |
|a children's literature
|2 eczenas
|
| 700 |
1 |
|
|a Milbourne, Anna
|7 xx0006789
|4 aut
|
| 700 |
1 |
|
|a Dickins, Rosie
|7 jn20010309741
|4 aut
|
| 700 |
1 |
|
|a Figg, Non
|7 xx0039542
|4 ill
|
| 700 |
1 |
|
|a McCafferty, Jan
|7 mzk2003170219
|4 ill
|
| 700 |
1 |
|
|a Miller, Antonia
|7 ola20040302005
|4 ill
|
| 765 |
0 |
|
|t Big book of things to draw?
|9 Česky
|
| 830 |
|
0 |
|a Centrum dětského vzdělávání (Svojtka & Co.)
|0 s
|
| 856 |
4 |
1 |
|u http://www.digitalniknihovna.cz/mzk/uuid/uuid:56f6d1a0-0971-11e7-9446-005056827e51
|y Digitalizovaný dokument
|x NDK
|
| 910 |
2 |
|
|a BOA001
|b 4-1190.732
|
| 990 |
|
|
|a BK
|
| 995 |
|
|
|a 01
|
| 991 |
|
|
|b 200712
|c NOV
|
| 996 |
6 |
|
|b 2610326677
|c 4-1190.732
|l MZK
|r Sklad / do 1 hodiny
|n 2
|p p.v.
|w 000877099
|u 000010
|a 1
|e BOA001
|j MZK50
|s P
|